[Event "Mundial Juvenil 2005 s16"]
[Site "Belfort FRA"]
[Date "2005.07.27"]
[Round "8.6"]
[White "Szabo, Krisztian"]
[Black "Stupak, Kirill"]
[Result "1/2-1/2"]
[WhiteElo "2422"]
[BlackElo "2331"]
[PlyCount "94"]
[EventDate "2005.07.19"]
[EventType "swiss"]
[EventRounds "11"]
[EventCountry "FRA"]
[Source "lmi"]
[SourceDate "2005.07.31"]

1. e4 e6 2. d4 d5 3. Nc3 Nf6 4. Bg5 dxe4 5. Nxe4 Be7 6. Bxf6 gxf6 7. Nf3 f5 8.
Nc3 a6 9. g3 b5 10. Bg2 Bb7 11. O-O O-O 12. Qe2 c5 13. Rad1 Qc7 14. dxc5 Qxc5
15. Rfe1 Bf6 16. Ne5 Bxg2 17. Kxg2 Bxe5 18. Qxe5 Qxe5 19. Rxe5 Nc6 20. Rc5 Rac8
21. Ne2 Nb4 22. Rxc8 Rxc8 23. c3 Nd5 24. Nf4 Nb6 25. h3 Nc4 26. b3 Ne5 27. Rd6
Rc6 28. Rxc6 Nxc6 29. Nd3 Kf8 30. Nc5 a5 31. a4 bxa4 32. Nxa4 Ke7 33. Kf3 Kd6
34. Nb2 e5 35. g4 Ke6 36. g5 f6 37. gxf6 Kxf6 38. Nc4 Kg5 39. Nd6 h5 40. h4+
Kf6 41. Ne8+ Kf7 42. Nd6+ Ke6 43. Ne8 Kf7 44. Nd6+ Ke6 45. Ne8 Kf7 46. Nd6+ Ke6
47. Ne8 Kf7 1/2-1/2

[Event "Mundial Juvenil 2005 s16"]
[Site "Belfort FRA"]
[Date "2005.07.27"]
[Round "8.7"]
[White "Nakhapetiane, Pogos"]
[Black "Trofimov, Sergey P"]
[Result "0-1"]
[WhiteElo "2325"]
[BlackElo "2411"]
[PlyCount "140"]
[EventDate "2005.07.19"]
[EventType "swiss"]
[EventRounds "11"]
[EventCountry "FRA"]
[Source "lmi"]
[SourceDate "2005.07.31"]

1. e4 c5 2. Nf3 d6 3. d4 cxd4 4. Nxd4 Nf6 5. Nc3 e6 6. Be3 a6 7. f3 Be7 8. Qd2
O-O 9. g4 Nc6 10. O-O-O Qc7 11. g5 Nd7 12. h4 Nxd4 13. Bxd4 b5 14. Kb1 b4 15.
Ne2 Bb7 16. h5 d5 17. g6 e5 18. Bf2 Nf6 19. Bh3 Bc8 20. Rdg1 dxe4 21. h6 fxg6
22. hxg7 Rd8 23. Qh6 exf3 24. Ng3 Bxh3 25. Qxh3 Qd7 26. Qh6 Qc6 27. Be3 Rac8
28. Bg5 f2 29. Rc1 Kf7 30. Rhf1 Kg8 31. Qh3 Qd7 32. Qg2 Ng4 33. Bxe7 Qxe7 34.
Qh3 h5 35. Ne4 Kxg7 36. Nxf2 Nxf2 37. Rxf2 Rc4 38. Rg1 Rg4 39. Re1 Qd6 40. b3
Rd4 41. Rff1 Rf8 42. Rg1 Kh7 43. Qg2 Rf7 44. Qg5 Qf6 45. Qe3 a5 46. Qe2 a4 47.
bxa4 Rf4 48. a5 e4 49. Rd1 Qc6 50. Rd8 Rf2 51. Qd1 e3 52. Rd6 e2 53. Rxc6
exd1=Q+ 54. Rxd1 Rf1 55. Rxf1 Rxf1+ 56. Kb2 Rf7 57. Kb3 h4 58. Kxb4 g5 59. Rc5
Kh6 60. Rc6+ Kh5 61. a6 h3 62. Rc8 Rh7 63. c4 Kg4 64. c5 h2 65. a7 Rb7+ 66. Kc3
h1=Q 67. a8=Q Qc1+ 68. Kd4 Rd7+ 69. Ke5 Qf4+ 70. Ke6 Qf5# 0-1

[Event "Mundial Juvenil 2005 s16"]
[Site "Belfort FRA"]
[Date "2005.07.27"]
[Round "8.11"]
[White "Vila Gazquez, Javier"]
[Black "Hammer, Jon Ludvig"]
[Result "1/2-1/2"]
[WhiteElo "2338"]
[BlackElo "2318"]
[PlyCount "91"]
[EventDate "2005.07.19"]
[EventType "swiss"]
[EventRounds "11"]
[EventCountry "FRA"]
[Source "lmi"]
[SourceDate "2005.07.31"]

1. e4 e5 2. Nf3 Nf6 3. d4 Nxe4 4. Bd3 d5 5. Nxe5 Nd7 6. Nxd7 Bxd7 7. O-O Qh4 8.
g3 Qf6 9. Be3 O-O-O 10. Nc3 Nxc3 11. bxc3 Bh3 12. Re1 h5 13. Bf4 h4 14. Rb1
hxg3 15. fxg3 Bd6 16. Bxd6 Rxd6 17. Qd2 Qh6 18. Qxh6 Rdxh6 19. Re2 Re6 20. Rxe6
Bxe6 21. Kg2 Re8 22. Kf3 b6 23. h4 Bd7 24. Kf4 Re6 25. g4 a5 26. h5 Rf6+ 27.
Kg3 Rh6 28. Rh1 f6 29. Bg6 Rh8 30. Re1 Kd8 31. Kf4 Be8 32. Bxe8 Rxe8 33. Rxe8+
Kxe8 34. Kf5 Kf7 35. g5 fxg5 36. Kxg5 b5 37. Kf5 c6 38. Kg5 Kf8 39. Kg6 Kg8 40.
a3 a4 41. Kf5 Kf7 42. Kf4 Ke8 43. Kg4 Ke7 44. Kg5 Kf8 45. Kg6 Kg8 46. Kf5
1/2-1/2

[Event "Mundial Juvenil 2005 s16"]
[Site "Belfort FRA"]
[Date "2005.07.27"]
[Round "8.12"]
[White "Tulay, Kamber Berkay"]
[Black "Mingachev, Mansur"]
[Result "0-1"]
[WhiteElo "2142"]
[BlackElo "2337"]
[PlyCount "74"]
[EventDate "2005.07.19"]
[EventType "swiss"]
[EventRounds "11"]
[EventCountry "FRA"]
[Source "lmi"]
[SourceDate "2005.07.31"]

1. e3 e5 2. c4 Nc6 3. Nc3 g6 4. g3 Bg7 5. Bg2 f5 6. d3 Nf6 7. Nge2 d6 8. O-O
O-O 9. Nd5 Ne7 10. Nec3 Nfxd5 11. Nxd5 c6 12. Nxe7+ Qxe7 13. Rb1 Be6 14. b4 d5
15. cxd5 cxd5 16. Qa4 e4 17. b5 Rfc8 18. Ba3 Qe8 19. d4 Rc4 20. Qb3 g5 21. Rfc1
f4 22. Rxc4 dxc4 23. Qc2 Bd5 24. Bf1 Qe6 25. Rc1 Rc8 26. Qa4 h5 27. Qxa7 h4 28.
Qa5 hxg3 29. hxg3 b6 30. Qa7 Bf6 31. Bb4 Bd8 32. Qa3 Bc7 33. gxf4 gxf4 34. exf4
Bxf4 35. Rc3 e3 36. fxe3 Qg4+ 37. Kf2 Bg3+ 0-1

[Event "Mundial Juvenil 2005 s16"]
[Site "Belfort FRA"]
[Date "2005.07.27"]
[Round "8.14"]
[White "Sanikidze, Tornike"]
[Black "Lapcevic, Milos"]
[Result "1-0"]
[WhiteElo "2417"]
[BlackElo "2269"]
[PlyCount "81"]
[EventDate "2005.07.19"]
[EventType "swiss"]
[EventRounds "11"]
[EventCountry "FRA"]
[Source "lmi"]
[SourceDate "2005.07.31"]

1. d4 Nf6 2. c4 e6 3. Nf3 b6 4. Nc3 Bb7 5. a3 d5 6. Bg5 Be7 7. Qa4+ c6 8. Bxf6
Bxf6 9. cxd5 exd5 10. g3 O-O 11. Bg2 Nd7 12. O-O Re8 13. e3 Be7 14. Rfd1 Bd6
15. Qc2 Nf6 16. Nd2 Qd7 17. b4 Rac8 18. Qb3 Bb8 19. a4 a6 20. a5 b5 21. e4 Re7
22. e5 Ne8 23. Qc2 Rd8 24. Ne2 f5 25. Nb3 Ba7 26. Nf4 Nc7 27. Rac1 g6 28. Qd2
Kg7 29. Rc2 Ne6 30. Nxe6+ Qxe6 31. Nc1 Qd7 32. Ne2 Bb8 33. Nf4 Qe8 34. Rdc1 Ba7
35. h4 Ba8 36. Kf1 Qd7 37. Bxd5 cxd5 38. Rc7 Qe8 39. Ne6+ Kf7 40. Nxd8+ Qxd8
41. Rc8 1-0

[Event "Mundial Juvenil 2005 s16"]
[Site "Belfort FRA"]
[Date "2005.07.27"]
[Round "8.15"]
[White "Michalik, Peter"]
[Black "Kalashian, David"]
[Result "0-1"]
[WhiteElo "2397"]
[BlackElo "2292"]
[PlyCount "141"]
[EventDate "2005.07.19"]
[EventType "swiss"]
[EventRounds "11"]
[EventCountry "FRA"]
[Source "lmi"]
[SourceDate "2005.07.31"]

1. e4 c5 2. Nf3 d6 3. d4 cxd4 4. Nxd4 Nf6 5. Nc3 a6 6. Bc4 e6 7. Bb3 b5 8. Be3
Bb7 9. Bxe6 fxe6 10. Nxe6 Qe7 11. Nd5 Bxd5 12. exd5 h6 13. O-O Kf7 14. Bd4 Kg8
15. Re1 Qf7 16. Bxf6 Qxf6 17. Nxf8 Qxf8 18. Qg4 Ra7 19. a4 b4 20. Re6 Nd7 21.
Rae1 Nf6 22. Qxb4 Rc7 23. c4 Kh7 24. Qb3 Rg8 25. Qg3 Kh8 26. b3 Rd7 27. h3 a5
28. Qg6 Qd8 29. R1e3 Rf8 30. f3 Qb6 31. Kh2 Qd4 32. Qg3 Nh5 33. Qe1 Qb2 34. Re8
Rdf7 35. Rxf8+ Rxf8 36. Re8 Qf6 37. Re4 Nf4 38. Qd2 Qf5 39. Qe3 Qf6 40. Qd2 Qf5
41. Qe3 Qf6 42. Qd2 g5 43. Re3 Kg8 44. Re4 Rb8 45. Re3 Qf5 46. Qc3 Qg6 47. Re4
Qg7 48. Qc2 Qf6 49. g3 Nh5 50. f4 gxf4 51. g4 Ng7 52. Qf2 Rxb3 53. Rxf4 Qc3 54.
Qg2 Qe5 55. Qf1 Rb2+ 56. Kh1 Kh7 57. Qd3+ Kg8 58. Qf1 Rb8 59. Kg2 h5 60. gxh5
Qg5+ 61. Rg4 Qd2+ 62. Kh1 Kh8 63. Rg2 Qe3 64. Rg4 Qe5 65. Rf4 Rg8 66. h6 Nh5
67. Rg4 Ng3+ 68. Rxg3 Qxg3 69. h7 Kxh7 70. Qf7+ Qg7 71. Qf2 0-1

[Event "Mundial Juvenil 2005 s16"]
[Site "Belfort FRA"]
[Date "2005.07.27"]
[Round "8.17"]
[White "Maenhout, Thibaut"]
[Black "Dasari, Sai Srivinas"]
[Result "0-1"]
[WhiteElo "2150"]
[BlackElo "2360"]
[PlyCount "110"]
[EventDate "2005.07.19"]
[EventType "swiss"]
[EventRounds "11"]
[EventCountry "FRA"]
[Source "lmi"]
[SourceDate "2005.07.31"]

1. e4 c5 2. Nf3 d6 3. d4 cxd4 4. Nxd4 Nf6 5. Nc3 Nc6 6. Bc4 Qb6 7. Nb3 e6 8.
O-O Be7 9. Be3 Qc7 10. Bd3 a6 11. a4 b6 12. f4 Bb7 13. Qf3 O-O 14. Rae1 Nb4 15.
Qh3 Nxd3 16. cxd3 e5 17. Rc1 Qd8 18. Qf3 Rb8 19. Rfd1 exf4 20. Bxf4 Rc8 21. Nd4
Qd7 22. Kh1 d5 23. Nf5 dxe4 24. Qh3 e3 25. Nxe7+ Qxe7 26. Qxe3 Qb4 27. Bg5 Qxb2
28. Qe2 Qxe2 29. Nxe2 Ng4 30. Kg1 h6 31. Bf4 g5 32. Bd2 Bc6 33. a5 bxa5 34. Nd4
Bd5 35. Nf5 Kh7 36. Bxa5 Rxc1 37. Rxc1 Rb8 38. h3 Nf6 39. Ne3 Ba8 40. Rf1 Kg6
41. Nc4 Re8 42. Bc3 Nd7 43. Rf2 Re6 44. g4 f6 45. Ra2 Nc5 46. Rd2 Bd5 47. Bb4
Nb3 48. Rb2 Nd4 49. Kf2 Rc6 50. Ke3 Ne6 51. Na5 Rc1 52. Bd6 Re1+ 53. Kf2 Rh1
54. Kg3 Nd4 55. Rb6 Rf1 0-1

[Event "Mundial Juvenil 2005 s16"]
[Site "Belfort FRA"]
[Date "2005.07.27"]
[Round "8.19"]
[White "Tomczak, Jacek"]
[Black "Barnett, Alexander"]
[Result "1-0"]
[WhiteElo "2329"]
[BlackElo "2193"]
[PlyCount "73"]
[EventDate "2005.07.19"]
[EventType "swiss"]
[EventRounds "11"]
[EventCountry "FRA"]
[Source "lmi"]
[SourceDate "2005.07.31"]

1. e4 c5 2. Nf3 e6 3. d4 cxd4 4. Nxd4 a6 5. Bd3 Bc5 6. Nb3 Ba7 7. Qe2 d6 8. Be3
Nc6 9. Nc3 Nf6 10. Bxa7 Rxa7 11. Qe3 O-O 12. O-O-O Ra8 13. f4 e5 14. f5 b5 15.
Rhg1 b4 16. Na4 Qc7 17. g4 Bd7 18. g5 Nh5 19. Nb6 Qa7 20. Qf3 g6 21. Nxa8 Qxa8
22. Bc4 Ne7 23. fxg6 hxg6 24. Rxd6 Bc6 25. Nc5 Qa7 26. Qf2 Qc7 27. Rgd1 a5 28.
Rd7 Bxd7 29. Rxd7 Qc8 30. Rxe7 Nf4 31. Rxe5 Qg4 32. Nd3 Ne2+ 33. Kb1 Nd4 34.
Nc1 Nf3 35. Be2 Nd2+ 36. Ka1 Qh3 37. Qf4 1-0

[Event "Mundial Juvenil 2005 s16"]
[Site "Belfort FRA"]
[Date "2005.07.28"]
[Round "9.3"]
[White "Trofimov, Sergey P"]
[Black "Goginenni, Rohith"]
[Result "1/2-1/2"]
[WhiteElo "2411"]
[BlackElo "2387"]
[PlyCount "111"]
[EventDate "2005.07.19"]
[EventType "swiss"]
[EventRounds "11"]
[EventCountry "FRA"]
[Source "lmi"]
[SourceDate "2005.07.31"]

1. d4 Nf6 2. c4 g6 3. Nc3 Bg7 4. e4 d6 5. Nf3 O-O 6. Be2 e5 7. d5 a5 8. h3 Na6
9. Bg5 h6 10. Be3 Nh5 11. Nd2 Nf4 12. Bf1 f5 13. g3 Nxh3 14. exf5 gxf5 15. Bxh3
f4 16. Bxc8 Qxc8 17. Nde4 fxe3 18. fxe3 Qf5 19. Qh5 Qxh5 20. Rxh5 Rf3 21. Ke2
Raf8 22. Rhh1 Nb4 23. Raf1 Rxf1 24. Rxf1 Rxf1 25. Kxf1 Na6 26. Ke2 Kf7 27. Na4
Bf8 28. a3 Kg6 29. Nac3 h5 30. Kf3 Kf5 31. Nd1 Be7 32. b3 Bf6 33. Ndf2 Be7 34.
Nd3 c6 35. Nc3 cxd5 36. cxd5 Nc7 37. e4+ Kg6 38. a4 Na6 39. Nb5 Kf7 40. Kg2 Ke8
41. Kh3 Kd7 42. Na3 Bg5 43. Nc4 Bd8 44. g4 hxg4+ 45. Kxg4 Bc7 46. Kf5 Ke7 47.
Kg6 Bd8 48. Ne3 Bb6 49. Nf5+ Kd7 50. Kf7 Bd8 51. Ne3 Bb6 52. Ng4 Bd8 53. Ne3
Bb6 54. Nf5 Bd8 55. Kf8 Bf6 56. Kf7 1/2-1/2

[Event "Mundial Juvenil 2005 s16"]
[Site "Belfort FRA"]
[Date "2005.07.28"]
[Round "9.4"]
[White "Mingachev, Mansur"]
[Black "Nguyen, Ngoc Truongson"]
[Result "1/2-1/2"]
[WhiteElo "2337"]
[BlackElo "2554"]
[PlyCount "66"]
[EventDate "2005.07.19"]
[EventType "swiss"]
[EventRounds "11"]
[EventCountry "FRA"]
[Source "lmi"]
[SourceDate "2005.07.31"]

1. d4 Nf6 2. c4 e6 3. Nc3 Bb4 4. Qc2 d5 5. cxd5 Qxd5 6. a3 Bxc3+ 7. bxc3 c5 8.
e3 Nbd7 9. Nf3 b6 10. c4 Qd6 11. Bb2 Qc7 12. Bd3 Bb7 13. O-O Bxf3 14. gxf3 O-O
15. d5 exd5 16. cxd5 Ne5 17. Be2 Rad8 18. f4 Ng6 19. Bxf6 gxf6 20. Rad1 Ne7 21.
Bf3 Kh8 22. Kh1 Rg8 23. a4 Qd6 24. Be4 Rg7 25. Qe2 f5 26. Bf3 Ng6 27. Rg1 Rdg8
28. Rg3 f6 29. Kg1 Rc7 30. Qc4 Ne7 31. Kh1 Ng6 32. Kg1 Ne7 33. Kh1 Rg6 1/2-1/2

[Event "Mundial Juvenil 2005 s16"]
[Site "Belfort FRA"]
[Date "2005.07.28"]
[Round "9.7"]
[White "Hammer, Jon Ludvig"]
[Black "Szabo, Krisztian"]
[Result "0-1"]
[WhiteElo "2318"]
[BlackElo "2422"]
[PlyCount "128"]
[EventDate "2005.07.19"]
[EventType "swiss"]
[EventRounds "11"]
[EventCountry "FRA"]
[Source "lmi"]
[SourceDate "2005.07.31"]

1. d4 Nf6 2. Nc3 d5 3. Bg5 c6 4. Bxf6 exf6 5. e3 Bd6 6. Bd3 f5 7. Nce2 g6 8. h4
h5 9. c3 Nd7 10. Nf4 Nf6 11. Nge2 Qe7 12. a3 O-O 13. Qc2 Kg7 14. g3 b6 15. O-O
Bb7 16. Rfe1 c5 17. dxc5 bxc5 18. c4 Rfe8 19. cxd5 Nxd5 20. Nxd5 Bxd5 21. Nf4
Bf3 22. Bf1 Be4 23. Bd3 Bb7 24. Bf1 Rab8 25. Rad1 Qf6 26. Qa4 Re4 27. Qd7 Bf8
28. Qc7 Ree8 29. Bc4 Rec8 30. Qd7 Bc6 31. Qxa7 Ra8 32. Qb6 Qe7 33. Nd5 Qe5 34.
f4 Qe4 35. Qb3 Kh6 36. Qd3 Qf3 37. Kh2 Qf2+ 38. Kh3 Qxb2 39. Rb1 Qxa3 40. Nb6
Qxd3 41. Bxd3 Rd8 42. Nxa8 Rxd3 43. Red1 Rxe3 44. Re1 Rc3 45. Rb2 Bd6 46. Rb6
Bf3 47. Rf1 Bxa8 48. Rxd6 Rc2 49. Rg1 Bf3 50. g4 hxg4+ 51. Kg3 c4 52. Rd8 Kg7
53. h5 gxh5 54. Kh4 Kg6 55. Rb1 Rh2+ 56. Kg3 Rh3+ 57. Kf2 Be4 58. Rb6+ Kg7 59.
Rd1 g3+ 60. Ke2 g2 61. Kf2 Rf3+ 62. Kg1 c3 63. Re1 c2 64. Kxg2 Rb3+ 0-1

[Event "Mundial Juvenil 2005 s16"]
[Site "Belfort FRA"]
[Date "2005.07.28"]
[Round "9.8"]
[White "Stupak, Kirill"]
[Black "Sanikidze, Tornike"]
[Result "1-0"]
[WhiteElo "2331"]
[BlackElo "2417"]
[PlyCount "73"]
[EventDate "2005.07.19"]
[EventType "swiss"]
[EventRounds "11"]
[EventCountry "FRA"]
[Source "lmi"]
[SourceDate "2005.07.31"]

1. d4 Nf6 2. Nf3 e6 3. g3 b5 4. Bg2 Bb7 5. O-O c5 6. c4 bxc4 7. Qa4 cxd4 8.
Qxc4 d5 9. Qb3 Ba6 10. Nxd4 Bc5 11. Bf4 Qb6 12. Qxb6 Bxb6 13. Rd1 Bxd4 14. Rxd4
Bxe2 15. Nc3 Bg4 16. h3 Nc6 17. Rc4 Rc8 18. Rc5 Nd7 19. Rxc6 Rxc6 20. hxg4 f6
21. Be3 a6 22. f4 Nb6 23. Re1 Nc4 24. Bc1 Kd8 25. Ne2 Kd7 26. Nd4 Rb6 27. b3
Na5 28. Bd2 Nb7 29. f5 e5 30. Ne6 Kd6 31. Bc1 Rb5 32. Bf1 Rb6 33. Ba3+ Kd7 34.
Bg2 Rb5 35. Rd1 Kc6 36. Rc1+ Kb6 37. Nc7 1-0

[Event "Mundial Juvenil 2005 s16"]
[Site "Belfort FRA"]
[Date "2005.07.28"]
[Round "9.11"]
[White "Krivoborodov, Egor"]
[Black "Tomczak, Jacek"]
[Result "1-0"]
[WhiteElo "2390"]
[BlackElo "2329"]
[PlyCount "110"]
[EventDate "2005.07.19"]
[EventType "swiss"]
[EventRounds "11"]
[EventCountry "FRA"]
[Source "lmi"]
[SourceDate "2005.07.31"]

1. e4 d5 2. exd5 Nf6 3. Bb5+ Bd7 4. Be2 Nxd5 5. d4 Bf5 6. Nf3 e6 7. O-O Be7 8.
Bd3 Bg4 9. Nbd2 O-O 10. c3 Nd7 11. Qc2 h6 12. h3 Bh5 13. g4 Bg6 14. Bxg6 fxg6
15. Qe4 Kh7 16. Nc4 Bd6 17. Nxd6 cxd6 18. Qxe6 Nf4 19. Bxf4 Rxf4 20. Kg2 Qc7
21. Rae1 Nf6 22. Nd2 Rf8 23. Ne4 Qc6 24. f3 Nxe4 25. Rxe4 R4f6 26. Qb3 Rxf3 27.
Rxf3 Qxe4 28. Qd1 h5 29. Kg3 Rxf3+ 30. Qxf3 Qe1+ 31. Qf2 h4+ 32. Kg2 Qe4+ 33.
Kh2 Kg8 34. b3 g5 35. c4 Qd3 36. c5 dxc5 37. dxc5 a5 38. Qg2 Qe3 39. Qd5+ Kh8
40. Qg2 Qxc5 41. Qxb7 Qe5+ 42. Kg1 Qe1+ 43. Kg2 Qg3+ 44. Kf1 Qxh3+ 45. Ke1 Qxg4
46. Qa8+ Kh7 47. Qxa5 h3 48. Qe5 Qh4+ 49. Ke2 h2 50. Qf5+ Kh6 51. Qe6+ g6 52.
Qe8 Qg4+ 53. Kd3 Qf3+ 54. Kc4 Qf6 55. Qa8 g4 1-0

[Event "Mundial Juvenil 2005 s16"]
[Site "Belfort FRA"]
[Date "2005.07.28"]
[Round "9.12"]
[White "Fougerit, Valentin"]
[Black "Kharchenko, Boris"]
[Result "1/2-1/2"]
[WhiteElo "2138"]
[BlackElo "2370"]
[PlyCount "49"]
[EventDate "2005.07.19"]
[EventType "swiss"]
[EventRounds "11"]
[EventCountry "FRA"]
[Source "lmi"]
[SourceDate "2005.07.31"]

1. e4 e5 2. Nf3 Nc6 3. Be2 Nf6 4. d3 d5 5. exd5 Qxd5 6. O-O Bf5 7. Nc3 Qd7 8.
Re1 Bd6 9. Nb5 O-O-O 10. Nxd6+ Qxd6 11. Rb1 h6 12. b4 e4 13. dxe4 Bxe4 14. Qxd6
Rxd6 15. Bf4 Rdd8 16. b5 Nd4 17. Nxd4 Rxd4 18. Be5 Rd2 19. Rb4 Bd5 20. Bd3 Re8
21. Rbb1 Bxa2 22. Ra1 Bb3 23. Bf5+ Be6 24. Bd3 Bb3 25. Bf5+ 1/2-1/2

[Event "Mundial Juvenil 2005 s16"]
[Site "Belfort FRA"]
[Date "2005.07.28"]
[Round "9.13"]
[White "Dasari, Sai Srivinas"]
[Black "Toufighi, Homayoon"]
[Result "1/2-1/2"]
[WhiteElo "2360"]
[BlackElo "2170"]
[PlyCount "138"]
[EventDate "2005.07.19"]
[EventType "swiss"]
[EventRounds "11"]
[EventCountry "FRA"]
[Source "lmi"]
[SourceDate "2005.07.31"]

1. Nf3 Nf6 2. g3 g6 3. c4 Bg7 4. Bg2 O-O 5. O-O d6 6. Nc3 Nc6 7. b3 e5 8. Bb2
Bf5 9. Ne1 Qd7 10. d3 Bh3 11. e4 Bxg2 12. Kxg2 a5 13. Nc2 Ne7 14. d4 exd4 15.
Nxd4 a4 16. Rb1 axb3 17. axb3 Rfe8 18. Re1 Nc6 19. Ndb5 Re7 20. Ra1 Rxa1 21.
Qxa1 Nb4 22. Qb1 h5 23. h4 Re8 24. f3 Ra8 25. Qd1 Ne8 26. Re2 Qd8 27. Qd2 Na6
28. Na4 Bxb2 29. Qxb2 Nc5 30. Nxc5 dxc5 31. Rd2 Qe7 32. Nc3 c6 33. Na4 Nc7 34.
Qc3 Ne6 35. Qe3 Rd8 36. Rxd8+ Qxd8 37. Nxc5 Qb6 38. b4 Qxb4 39. Nxe6 fxe6 40.
Qg5 Qb2+ 41. Kh3 Qg7 42. c5 Kh7 43. Qd2 Qa1 44. Kg2 Qe5 45. Qb4 Qc7 46. Qd4 Kg8
47. Qf6 Kh7 48. Qxe6 Qd8 49. Qf7+ Kh6 50. Qf4+ Kh7 51. Qe3 Qe7 52. Qd4 Qe6 53.
Qb2 Qe7 54. Qd4 Qe6 55. Qb2 Qe7 56. Qc2 Qc7 57. Qb3 Qe7 58. Qc4 Qd7 59. Qc3 Qf7
60. Qd2 Qc7 61. Qe3 Qe5 62. f4 Qb2+ 63. Qf2 Qb1 64. e5 Qe4+ 65. Kh2 Kg7 66. Qb2
Kg8 67. Qd2 Kh7 68. Qb2 Kg8 69. Qb3+ Kf8 1/2-1/2

[Event "Mundial Juvenil 2005 s16"]
[Site "Belfort FRA"]
[Date "2005.07.28"]
[Round "9.15"]
[White "Vernay, Clovis"]
[Black "Bachmann, Axel"]
[Result "0-1"]
[WhiteElo "2238"]
[BlackElo "2410"]
[PlyCount "132"]
[EventDate "2005.07.19"]
[EventType "swiss"]
[EventRounds "11"]
[EventCountry "FRA"]
[Source "lmi"]
[SourceDate "2005.07.31"]

1. d4 d5 2. c4 dxc4 3. Nf3 Nf6 4. e3 e6 5. Bxc4 a6 6. a4 c5 7. O-O Nc6 8. Qe2
Be7 9. Rd1 cxd4 10. exd4 O-O 11. Nc3 Nb4 12. Bb3 b6 13. Ne5 Bb7 14. h4 Nbd5 15.
h5 Nxc3 16. bxc3 Ne4 17. Bb2 Bd6 18. Qg4 Qf6 19. f4 Rfd8 20. Nd3 Qh6 21. Qh3
Nf6 22. Ne5 Qxh5 23. Qxh5 Nxh5 24. f5 Bxe5 25. dxe5 exf5 26. e6 fxe6 27. Bxe6+
Kh8 28. Bxf5 Rf8 29. Bg4 Nf6 30. Bh3 Bc8 31. c4 Bxh3 32. gxh3 Rac8 33. Rd6 Rxc4
34. Rxb6 a5 35. Rb5 Ra8 36. Ra3 Rc2 37. Rab3 Rcc8 38. Rc3 Rcb8 39. Rcb3 Rd8 40.
Be5 Kg8 41. Bc7 Rd4 42. Rxa5 Rxa5 43. Bxa5 Rxa4 44. Bc3 Nh5 45. Rb5 Rh4 46. Be1
Rxh3 47. Rf5 Nf6 48. Kg2 Rb3 49. Ra5 Kf7 50. Bf2 h6 51. Bd4 Rd3 52. Ba1 Rd6 53.
Kf3 g5 54. Be5 Re6 55. Bc7 Kg6 56. Ra4 Nd5 57. Bg3 h5 58. Rd4 Nf6 59. Ra4 Rb6
60. Rc4 Rb5 61. Be1 Kf5 62. Bf2 Rb3+ 63. Ke2 Rb2+ 64. Ke1 Ne4 65. Be3 h4 66.
Ra4 Rb1+ 0-1

[Event "Mundial Juvenil 2005 s16"]
[Site "Belfort FRA"]
[Date "2005.07.28"]
[Round "9.18"]
[White "Lapcevic, Milos"]
[Black "Monsieux, Cyril"]
[Result "0-1"]
[WhiteElo "2269"]
[BlackElo "2206"]
[PlyCount "90"]
[EventDate "2005.07.19"]
[EventType "swiss"]
[EventRounds "11"]
[EventCountry "FRA"]
[Source "lmi"]
[SourceDate "2005.07.31"]

1. d4 g6 2. c4 Bg7 3. Nc3 d6 4. e4 c6 5. f3 a6 6. a4 a5 7. Be3 Qc7 8. Bd3 Na6
9. Rc1 e5 10. d5 c5 11. Nge2 f5 12. f4 Ne7 13. fxe5 Bxe5 14. Bh6 Bd7 15. O-O
O-O-O 16. Nf4 Rde8 17. Nb5 Qb6 18. exf5 Nxf5 19. Bxf5 Bxf5 20. Nd3 Bd4+ 21. Kh1
Be3 22. Bxe3 Rxe3 23. Nf4 Nc7 24. Qd2 Re5 25. Rfe1 Nxb5 26. axb5 Rhe8 27. Rxe5
Rxe5 28. Re1 Rxe1+ 29. Qxe1 Qd8 30. h3 h5 31. Kh2 Qf6 32. b3 Qe5 33. Qxe5 dxe5
34. Ne2 Bd3 35. Nc1 e4 36. Kg1 a4 37. bxa4 Bxc4 38. Kf2 Kd7 39. Ke3 Kd6 40.
Kxe4 Bxd5+ 41. Kd3 Bxg2 42. h4 Kd5 43. a5 Bf1+ 44. Ke3 Bxb5 45. Na2 Kc4 0-1

[Event "Mundial Juvenil 2005 s16"]
[Site "Belfort FRA"]
[Date "2005.07.28"]
[Round "9.19"]
[White "Skovgaard, Peter"]
[Black "Yap, Nicolas A"]
[Result "0-1"]
[WhiteElo "2217"]
[BlackElo "2258"]
[PlyCount "82"]
[EventDate "2005.07.19"]
[EventType "swiss"]
[EventRounds "11"]
[EventCountry "FRA"]
[Source "lmi"]
[SourceDate "2005.07.31"]

1. e4 c5 2. Nf3 Nc6 3. d4 cxd4 4. Nxd4 Nf6 5. Nc3 e5 6. Ndb5 d6 7. Bg5 a6 8.
Na3 b5 9. Bxf6 gxf6 10. Nd5 f5 11. exf5 Bxf5 12. c3 Bg7 13. Nc2 Be6 14. g3 O-O
15. Bg2 f5 16. f4 e4 17. O-O Ne7 18. Nce3 Nxd5 19. Nxd5 Rc8 20. Rf2 a5 21. Bf1
b4 22. c4 Rc5 23. Rc1 Bxd5 24. cxd5 Rxc1 25. Qxc1 Bd4 26. Kg2 Bxf2 27. Kxf2 Qc8
28. Qd1 Qc5+ 29. Kg2 e3 30. Kh3 Kh8 31. b3 Qc3 32. Qh5 Qf6 33. Bd3 Qg6 34. Qe2
Re8 35. Kg2 Re7 36. Kf1 Qf6 37. Qc2 Kg7 38. Ke1 Qh6 39. Kd1 e2+ 40. Bxe2 Qxh2
41. Qb2+ Kg8 0-1

[Event "Mundial Juvenil 2005 s16"]
[Site "Belfort FRA"]
[Date "2005.07.28"]
[Round "9.20"]
[White "Tologontegin, Semetey"]
[Black "Tulay, Kamber Berkay"]
[Result "1-0"]
[WhiteElo "2254"]
[BlackElo "2142"]
[PlyCount "125"]
[EventDate "2005.07.19"]
[EventType "swiss"]
[EventRounds "11"]
[EventCountry "FRA"]
[Source "lmi"]
[SourceDate "2005.07.31"]

1. e4 c5 2. Nf3 d6 3. d4 cxd4 4. Nxd4 Nf6 5. Nc3 e6 6. Be3 a6 7. f3 Be7 8. Qd2
O-O 9. O-O-O Nc6 10. Kb1 Nxd4 11. Bxd4 e5 12. Be3 b5 13. g4 b4 14. Ne2 Be6 15.
g5 Nd7 16. h4 Nb6 17. Nc1 d5 18. Qh2 Bd6 19. Bxb6 Qxb6 20. exd5 Bd7 21. Bh3 f5
22. gxf6 Bxh3 23. Qxh3 Rxf6 24. Rhf1 Qe3 25. Rd3 Qh6 26. Ne2 Raf8 27. Rfd1 Kh8
28. Qg4 Rg6 29. Qe4 Rg2 30. Rh1 Qh5 31. c4 Rf2 32. Ng3 Qf7 33. Rf1 Rg2 34. f4
Rh2 35. f5 Qf6 36. Rh1 Rf2 37. Rf3 Rd2 38. h5 Rd4 39. Qe2 e4 40. Nxe4 Re8 41.
Nxf6 Rxe2 42. Nd7 Rxc4 43. h6 gxh6 44. f6 Rcc2 45. Rb3 a5 46. a4 Rc7 47. Nb6
Be5 48. Rxh6 Re1+ 49. Ka2 Rcc1 50. Rbh3 Rc7 51. Nc4 Bxf6 52. Nxa5 Bg7 53. Rxh7+
Kg8 54. R7h5 Re2 55. Rh2 Re1 56. d6 Ra7 57. Rd5 Re5 58. Rxe5 Bxe5 59. Rg2+ Kf7
60. Nc6 Rxa4+ 61. Kb3 Ra6 62. Nxe5+ Ke8 63. Rd2 1-0

[Event "Mundial Juvenil 2005 s16"]
[Site "Belfort FRA"]
[Date "2005.07.29"]
[Round "10.2"]
[White "Goginenni, Rohith"]
[Black "Warakomski, Tomasz"]
[Result "1/2-1/2"]
[WhiteElo "2387"]
[BlackElo "2375"]
[PlyCount "89"]
[EventDate "2005.07.19"]
[EventType "swiss"]
[EventRounds "11"]
[EventCountry "FRA"]
[Source "lmi"]
[SourceDate "2005.07.31"]

1. e4 e5 2. Nf3 Nc6 3. Bb5 a6 4. Ba4 Nf6 5. O-O Be7 6. Re1 b5 7. Bb3 d6 8. c3
O-O 9. h3 Nd7 10. d4 Bf6 11. Be3 Na5 12. Bc2 Nc4 13. Bc1 Bb7 14. d5 Ncb6 15. b3
Rc8 16. Nbd2 c6 17. dxc6 Rxc6 18. Ba3 Rxc3 19. Bxd6 Be7 20. Bxe7 Qxe7 21. Nf1
Rfc8 22. Re2 Qc5 23. Ne1 Nf8 24. Ne3 Ne6 25. Rd2 g6 26. Nf3 a5 27. Ne1 h5 28.
Nd3 Qc7 29. Ne1 Nd4 30. Bd3 a4 31. N3c2 Ne6 32. Bxb5 Bxe4 33. Ne3 axb3 34. axb3
Nd4 35. Bc4 Nxc4 36. bxc4 f5 37. Ra6 f4 38. Nd5 Bxd5 39. Rxg6+ Kf8 40. Qxh5 Rc1
41. Qh8+ Ke7 42. Qf6+ Ke8 43. Qh8+ Ke7 44. Qf6+ Ke8 45. Qh8+ 1/2-1/2